Lectures on algebra / (Record no. 90281)

MARC details
000 -LEADER
fixed length control field 00512nam a22001817a 4500
005 - DATE AND TIME OF LATEST TRANSACTION
control field 20141215111210.0
010 ## - LCCN (DPL NO)
LC control number ENG-111363
020 ## - INTERNATIONAL STANDARD BOOK NUMBER
Terms of availability 415.00
International Standard Book Number 8183500897
035 ## - SYSTEM CONTROL NUMBER
System control number EN-94895
037 ## - SOURCE OF ACQUISITION
Source of stock number/acquisition DBAD/PUB
082 ## - DEWEY DECIMAL CLASSIFICATION NUMBER
Classification number 512
100 ## - MAIN ENTRY--PERSONAL NAME
Personal name Pratyush Kr. Singh
245 ## - TITLE STATEMENT
Title Lectures on algebra /
Statement of responsibility, etc by Pratyush Kr. Singh
260 ## - PUBLICATION, DISTRIBUTION, ETC. (IMPRINT)
Place of publication, distribution, etc New Delhi
Name of publisher, distributor, etc Sultan Chand
Date of publication, distribution, etc 2014
270 ## - ADDRESS
Address 4859/24, Darya Ganj
City New Delhi
Postal code 110002
300 ## - PHYSICAL DESCRIPTION
Extent various pagings
Dimensions 24cm(pbk)
942 ## - ADDED ENTRY ELEMENTS (KOHA)
Source of classification or shelving scheme Dewey Decimal Classification
Item type English Books
Call number suffix PRA
Classification part 512
Holdings
Withdrawn status Lost status Not for loan Collection code Home library Current library Date acquired Source of acquisition Cost, normal purchase price Full call number Barcode Copy number Cost, replacement price Koha item type
    Not For Loan Non-fiction D.B.Act.Division D.B.Act.Division 26/11/2014 DBAD/PUB 415.00 512 PRA EN-94895 1 415.00 English Books

© Delhi Public Library
Hit Counter
free hit counter